000 00335nam a2200145Ia 4500
008 191201s2008 xx 000 0 und d
082 _a621.381958
_bJAM
100 _aJAIN, R P
245 0 _aModern Digital Electronics
250 _aRep.
260 _aN.Delhi
_bTMH
_c2008
300 _a611
650 _aB.Tech(ECE)
942 _2ddc
_cBK
999 _c3860
_d3860